000 00609nam a2200241Ia 4500
003 OSt
005 20220918182404.0
006 a|||||r|||| 00| 0
007 ta
008 220917b |||||||| |||| 00| 0 eng d
024 _a32,239
037 _cTextual
040 _aARTS
_cARTS
_beng
041 _2eng
_aeng
082 _aO-,3L67w, B3
100 _aZimmern Helen
_960178
245 0 _aMaria Edgeworth
260 _aLondon
_bW H Allen
_c1883
300 _a219p.
_ccm.
650 _aENGLISH LITERATURE
942 _hO-,3L67w, B3
_cTEXL
_2CC
999 _c168805
_d168805